Διερεύνηση των παραγόντων που επηρεάζουν την ανάπτυξη της γυναικείας επιχειρηματικότητας στο διαδίκτυο : διπλωματική εργασία [μεταπτυχιακή εργασία]
Saved in:
| Main Author: | |
|---|---|
| Corporate Author: | |
| Other Authors: | |
| Format: | Thesis Book |
| Language: | Greek |
| Published: |
2012
|
| Subjects: | |
| Online Access: | http://hdl.handle.net/11610/13921 |
| Tags: |
Add Tag
No Tags, Be the first to tag this record!
|
MARC
| LEADER | 00000cam a2200000 i 4500 | ||
|---|---|---|---|
| 001 | 1/27639 | ||
| 008 | 130320s2012 gre d | ||
| 035 | |l 10114050 | ||
| 040 | |a GR-MY-UA |b gre |e aacr | ||
| 041 | 0 | |a gre | |
| 082 | 0 | |a 331.481 |2 (22) | |
| 100 | 1 | |a Πιλιτσίδη, Θεοδώρα. | |
| 245 | 1 | 0 | |a Διερεύνηση των παραγόντων που επηρεάζουν την ανάπτυξη της γυναικείας επιχειρηματικότητας στο διαδίκτυο : |b διπλωματική εργασία [μεταπτυχιακή εργασία] / |c Πιλιτσίδη Θεοδώρα ; επιβλέπουσα: Βιτσιλάκη Χρυσή |
| 260 | |c 2012 | ||
| 300 | |a 77 σ.; |c 30 εκ. | ||
| 500 | |a Μέλη εξεταστικής επιτροπής: Γκασούκα Μαρία, Φώκιαλη Πέρσα | ||
| 502 | |a Διατριβή (μεταπτυχιακή) – Πανεπιστήμιο Αιγαίου, Ρόδος, 2012. | ||
| 504 | |a Βιβλιογραφία: σ. 45-47 | ||
| 650 | 0 | 0 | |a Women |x Employment. |
| 650 | 0 | 0 | |a Women executives. |
| 650 | 0 | 0 | |a Businesswomen. |
| 650 | 0 | 0 | |a Electronic data interchange. |
| 650 | 0 | 0 | |a Electronic commerce. |
| 650 | 0 | 0 | |a Dissertations, Academic |z Greece. |
| 700 | 1 | |a Βιτσιλάκη, Χρυσή, |e dgsf [Επιβλέπουσα καθηγήτρια] | |
| 710 | 1 | |a Πανεπιστήμιο Αιγαίου |b Σχολή Ανθρωπιστικών Επιστημών |b Τμήμα Επιστημών της Προσχολικής Αγωγής και του Εκπαιδευτικού Σχεδιασμού |b Πρόγραμμα Μεταπτυχιακών Σπουδών Φύλο και Νέα Εκπαιδευτικά και Εργασιακά Περιβάλλοντα στην Κοινωνία της Πληροφορίας. | |
| 852 | |a INST |b RHODES |c DIATR |e 20130320 |h 331.481 ΠΙΛ |p 005400035041 |q 005400035041 |t MTXE |y 23 | ||
| 852 | |a INST |b RHODES |c DIATR |e 20130320 |h 331.481 ΠΙΛ |p 005400035042 |q 005400035042 |t MTXE |y 23 | ||
| 856 | |u http://hdl.handle.net/11610/13921 | ||
| 901 | |a BIBL4-2013-1 | ||
| 909 | |a Ρ |b 176558 | ||
| 909 | |a Ρ |b 176559 | ||
| 924 | |a ΠΙΛΙΤΣΙΔΗ |b ΘΕΟΔΩΡΑ |y ΡΟΔΟΣ |z 2012 | ||
| 970 | |z 2013/03/11 | ||